00869nam a2200277Ia 4500003000900000005001700009008004100026040001300067040001300080041000800093100002200101100002100123245008300144250001300227260001400240260000900254300001100263300001300274300001200287490000600299700002300305710003500328942001200363999001700375952019900392IT-RoPAU20220918175832.0120407s9999 xx 000 0 und d aIT-RoPAU cIT-RoPAU aita aC. Mershon936023 ca cura di923181 aPolitica in Italia - Ed. 1994. I fatti dell’anno (1993) e le interpretazioni aBologna  aIl Mulino c1994 a314 p. bbrossura c21,5 cm v1 aG. Pasquino936024 aIstituto Carlo Cattaneo936025 cBK2ddc c32305d32305 00102ddc406320_80000000000000071aPAULUSbPAULUSd2012-04-11l0o320.80r2012-04-11 00:00:00w2012-04-11yBKzInserito da: LUCIA In data: 02 settembre 2011 fondo: Via A.Severo 56 Progr:29395